000 01364nam a2200349 i 4500
003 EG-GICUC
005 20260121101157.0
008 251109b1972 ua ||||f |||| 00| 0 ara d
040 _a EG-GICUC
_c EG-GICUC
_d EG-GICUC
_erda
_bara
041 _aara
082 0 4 _221
_a345.250568
_bم ي . ن
092 0 4 _221
099 _aLaw1 07 345.250568 م ي . ن 1972
100 0 _aميخائيل جميعان
_eمؤلف.
245 _aنظام الإدارة المحلية في الأردن وتطوره /
_cإعدادميخائيل جميعان.
264 _aالقاهرة :
_bجامعة الدول العربية-المنظمة العربية للعلوم الإدارية، مركز البحوث الإدارية،
_c1972.
300 _a95 صفحة ؛
_c24 سم.
336 _2rda content
_atext
337 _2rda media
_aComputer
338 _2rda carrier
_aOnline Resource
490 _v119
500 _aيتضمن قائمة تصويب الأخطاء
504 _aببليوجرافيا : صفحة 95
546 _aالنص باللغة العربية
650 1 _aالحكم المحلي
650 1 _aالإدارة المحلية
_2qrmak
650 1 _2qrmak
_aالقانون الإداري
651 1 _aالأردن
856 4 0 _uhttps://fll.law.cu.edu.eg/fulltext/bks/B07-00087.pdf
905 _aWesam Mahmoud
942 _2ddc
_n0
_cBK
_e21
999 _c41772
_d41772